|
|
|
|
| LEADER |
00000cam a22000004a 4500 |
| 001 |
musev2_77786 |
| 003 |
MdBmJHUP |
| 005 |
20230905052028.0 |
| 006 |
m o d |
| 007 |
cr||||||||nn|n |
| 008 |
751024s1976 ctu o 00 0 eng d |
| 010 |
|
|
|z 75034445
|
| 020 |
|
|
|a 9780819577962
|
| 020 |
|
|
|z 9780819540935
|
| 035 |
|
|
|a (OCoLC)1193105889
|
| 040 |
|
|
|a MdBmJHUP
|c MdBmJHUP
|
| 050 |
0 |
4 |
|a GV1785.S553
|b A37
|
| 082 |
0 |
|
|a 793.3/2/0924
|a B
|
| 100 |
1 |
|
|a Sherman, Jane,
|d 1908-2010.
|
| 245 |
1 |
0 |
|a Soaring :
|b The Diary and Letters of a Denishawn Dancer in the Far East, 1925-1926 /
|c by Jane Sherman.
|
| 250 |
|
|
|a 1st ed.
|
| 264 |
|
1 |
|a Middletown, Conn. :
|b Wesleyan University Press,
|c 1976.
|
| 264 |
|
3 |
|a Baltimore, Md. :
|b Project MUSE,
|c 2020
|
| 264 |
|
4 |
|c ©1976.
|
| 300 |
|
|
|a 1 online resource:
|b ill. ;
|
| 336 |
|
|
|a text
|b txt
|2 rdacontent
|
| 337 |
|
|
|a computer
|b c
|2 rdamedia
|
| 338 |
|
|
|a online resource
|b cr
|2 rdacarrier
|
| 500 |
|
|
|a Includes index.
|
| 500 |
|
|
|a "The De la Torre Bueno prize/1975."
|
| 506 |
0 |
|
|a Open Access
|f Unrestricted online access
|2 star
|
| 588 |
|
|
|a Description based on print version record.
|
| 600 |
1 |
0 |
|a Shawn, Ted,
|d 1891-1972.
|
| 600 |
1 |
0 |
|a St. Denis, Ruth,
|d 1880-1968.
|
| 600 |
1 |
0 |
|a Sherman, Jane,
|d 1908-2010.
|
| 650 |
|
0 |
|a Dance.
|
| 655 |
|
7 |
|a Electronic books.
|2 local
|
| 710 |
2 |
|
|a Project Muse.
|e distributor
|
| 830 |
|
0 |
|a Book collections on Project MUSE.
|
| 856 |
4 |
0 |
|z Texto completo
|u https://projectmuse.uam.elogim.com/book/77786/
|